Chile y España: diálogos y encuentros

Sparad:
Bibliografiska uppgifter
Huvudupphovsmän: Cayuela Arzac, José (Författare, medförfattare), Contreras V., Sergio (Författare, medförfattare)
Materialtyp: Bok
Språk:spanska
Publicerad: Madrid Grupo Santillana 2002
Serie:Cultura, Política, Economía
Ämnen:
Taggar: Lägg till en tagg
Inga taggar, Lägg till första taggen!

MARC

LEADER 00000nam a2200000 a 4500
001 UCL4034
003 CL-VaPUC
005 20210625001800.0
008 031219e20020000sp 1 spa d
020 |a 8403092849 
082 0 4 |a 320.011  |b CAY  |2 21 
100 1 |a Cayuela Arzac, José  |e author  |9 620455 
700 1 |a Contreras V., Sergio  |e author  |9 620456 
245 1 0 |a Chile y España: diálogos y encuentros 
260 |a Madrid  |b Grupo Santillana  |c 2002 
300 |a 215 p 
490 0 |a Cultura, Política, Economía 
583 |a last modification  |c 20190822 03:54:03  |k Rodrigo Vera 
650 0 7 |a FILOSOFIA POLITICA  |2 CL-VaPUC  |9 620457 
650 0 7 |a SISTEMAS POLITICOS  |2 CL-VaPUC  |9 620458 
650 0 0 |a Ideologías políticas   |9 255735 
650 0 0 |a Democracia  |9 255256 
651 7 |a CHILE  |2 CL-VaPUC  |9 620459 
651 0 |a España  |9 254926 
942 |c BK 
945 |a cmena  |d 20031219 00:00:00 
546 |a En Español 
536 |a Casa de América 
536 |a Fundación Ortega y Gasset 
536 |a Telefónica 
536 |a Universidad Autónoma de Madrid 
518 |p Diálogos y Encuentros, 1, Madrid, abril 2001 
999 |c 383960  |d 383958 
952 |0 0  |1 0  |4 0  |6 320_011000000000000_CAY_2002  |7 0  |8 A  |9 506300  |a BIBDER  |b BIBDER  |d 2020-01-23  |i 3928314  |o 320.011 CAY 2002  |p 3928314  |r 2023-01-25  |w 2020-01-23  |y BK  |k DER